NLSUI OPAC header image

The administration and you : Priciples of administrative law concerning the relations between administrative authorities and private persons (Record no. 17156)

MARC details
000 -LEADER
fixed length control field 00534nam a2200157Ia 4500
008 - FIXED-LENGTH DATA ELEMENTS--GENERAL INFORMATION
fixed length control field 160316s1996 xxu||||| |||| 00| 0 eng d
082 ## - DEWEY DECIMAL CLASSIFICATION NUMBER
Classification number 342.000000
Item number ADM
100 ## - MAIN ENTRY--PERSONAL NAME
Personal name
245 ## - TITLE STATEMENT
Title The administration and you : Priciples of administrative law concerning the relations between administrative authorities and private persons
250 ## - EDITION STATEMENT
Edition statement
260 ## - PUBLICATION, DISTRIBUTION, ETC.
Place of publication, distribution, etc. Strasbourg
Name of publisher, distributor, etc. Council of Europe
Date of publication, distribution, etc. 1996
300 ## - PHYSICAL DESCRIPTION
Extent 536p
Other physical details
Dimensions
365 ## - TRADE PRICE
Price amount
650 ## - SUBJECT ADDED ENTRY--TOPICAL TERM
Topical term or geographic name entry element 1.Administration Law <br/>2..Administration Law - Procedure - A Hand book
700 ## - ADDED ENTRY--PERSONAL NAME
Personal name
--
Holdings
Withdrawn status Lost status Damaged status Not for loan Home library Current library Shelving location Date acquired Total Checkouts Full call number Barcode Date last seen Price effective from Koha item type Public note
        . . Council OF Europe 13.02.2020   342 ADM REP307 30.05.2017 30.05.2017 Repository Available In On-Line